00346nam a2200145Ia 4500003000500000008004100005020001500046040001900061082000700080100001900087245003100106260004300137300000800180546001200188STCL181203s9999 xx 000 0 und d a8173810788 aSTCLbENcSTCL 222 aGoswami, S. N. 0aElements of Plasma Physics bNew Central Book AgencyaKolkatac2011 a204 aEnglish